000 00722nam2a2200241 4500
001 rc\2842492
005 20110630123532.0
035 _a(NLR Aleph) 006999997
090 _a13575140
_c13575140
100 _a20110630d1932 |||y0rusy50 ca
101 0 _arus
102 _aRU
105 _ay z |||||
200 0 _aВып. 10
_fР.Н. Введенский
210 _d1932
215 _a16 с.
461 0 _1001rc\2842491
_12000#$aРусский язык$fРуковод. курсом К.В. Рылов$gНКТП СССР ... 1 курс$vВып. 10
702 1 _aВведенский
_bР. Н.
_4570
801 0 _aRU
_bNLR
_gpsbo
801 1 _aRU
_bELAR
_2rusmarc
852 _aNLR
_j30.19/285(10)
942 _cBOOK
980 _aNB